| 000 | 00832nam a22002057a 4500 | ||
|---|---|---|---|
| 008 | 111206s1993 ua|||||r|||| 000 0 ara d | ||
| 082 |
_222 _a520 _bط و س |
||
| 245 |
_aالتذكرة في علم الهيئة : _bمع دراسة لإسهامات الطوسي الفلكية / _cنصير الدين الطوسي ؛ دراسة وتحقيق عباس سليمان |
||
| 260 |
_aالقاهرة : _bدار سعاد الصباح، _c1993 |
||
| 300 |
_a324 ص : _bأيض ؛ _c24 سم |
||
| 500 | _aيشتمل على كشافات | ||
| 650 |
_921338 _aالهيئة ، _xعلم |
||
| 650 |
_915148 _aالفلك |
||
| 650 |
_917615 _aالكون |
||
| 653 |
_bGeneral _cDecember2011 |
||
| 942 |
_2ddc _cBB _hRDA-MOD |
||
| 999 |
_c16300 _d16300 |
||
| 336 |
_2rdacontent _aنص _btxt |
||
| 337 |
_aبدون وسيط _2rdamedia _bn |
||
| 338 |
_aمجلد _bnc _2rdacarrier |
||